Statistics for All Vehicles Made By Volkswagen

Click here to take the quiz!

General Stats

  • This quiz has been taken 121 times
    (111 since last reset)
  • The average score is 13 of 44

Answer Stats

Type of CarYears ProducedCar Model% Correct
Hatchback1980-PresentGol
93%
Sedan1972-PresentPassat
91%
Hatchback1974-PresentGolf
89%
Compact1938-PresentBeetle
79%
Hatchback1975-PresentPolo
78%
Sedan1979-PresentJetta
70%
SUV2008-PresentTiguan
70%
SUV2002-PresentTouareg
55%
SUV2017-PresentT-Roc
50%
Sedan2017-PresentArteon
48%
SUV2019-PresentT-Cross
45%
Sedan1999-PresentBora
44%
Hatchback2011-PresentUP
43%
Minivan2003-PresentTouran
42%
Hatchback2019-PresentID.3
41%
SUV2020-PresentID.4
40%
Minivan1995-PresentSharan
36%
SUV2021-PresentID.5
34%
SUV2021-PresentID.6
32%
SUV2017-PresentAtlas
29%
Minivan2022-PresentID. Buzz
21%
SUV2020-PresentTaigo/Nivius
19%
Minivan1990-PresentMultivan
18%
Hatchback/Sedan2015-PresentSantana
17%
SUV2018-PresentTaos
13%
Hatchback/Sedan2013-PresentLavida
10%
Sedan2016-PresentPhideon
10%
Sedan2017-PresentVirtus
10%
Sedan2014-PresentLamando
8%
Sedan2005-PresentMagotan
7%
Sedan2006-PresentSagitar
7%
SUV2018-PresentTayron
7%
Minivan2020-PresentViloran
7%
Sedan2008-PresentVoyage
7%
SUV2021-PresentTalagon
6%
SUV2019-PresentTeramont
6%
Minivan2007-PresentCaddy Life
5%
Station Wagon2020-PresentArteon Shooting Brake
3%
Station Wagon1993-PresentGolf Sportwagen
3%
Sedan2010-PresentPolo Sedan
3%
Station Wagon1974-PresentPassat Alltrack
2%
SUV2020-PresentTayron X
1%
SUV2018-PresentTiguan Allspace
1%
SUV2020-PresentTiguan X
1%

Score Distribution

Percentile by Number Answered

Percent of People with Each Score

Your Score History

You have not taken this quiz since the last reset